Joäo Vêncio (Registo nº 66001)

Detalhes MARC
000 -Etiqueta do registo
campo de controlo de comprimento fixo 006020000a22001930004500
001 - Identificador do registo
Campo de controlo 66001
100 ## - Dados Gerais de Proc.
Dados gerais de processamento 20001113d[s.d k||y0pory5003 ba
101 0# - Língua da publicação
Língua do texto, banda sonora, etc. Português
102 ## - País de Publicação
País de publicação Portugal
200 1# - Título
Título próprio Joäo Vêncio
Informação de outro título os seus amores
Primeira menção de responsabilidade José Luandino Vieira
210 ## - Publicação, Distribuição
Lugar da edição, distribuição, etc. Lisboa
Nome do editor, distribuidor, etc. Ediçöes 70
Data da publicação, distribuição, etc. [s.d]
215 ## - Descrição física
Descrição física 142 p
675 ## - CDU
Notação 821.13(673)-34
Edição BN
Língua da edição Português
700 #1 - Responsabilidade principal
Palavra de ordem Vieira
Outra parte do nome José Luandino
Elementos de identificação ou distinção Pseud.
090 ## - Números de controlo do sistema (Koha)
Número biblioitem do Koha (gerado automaticamente) 66001
942 ## - Elementos de entrada adicionados (Koha)
Tipo de item no Koha Monografias
Suprimido Disponível no OPAC
Exemplares
Removido (estado) Perdido (estado) Data de aquisição Origem do registo (biblioteca) (codificado) Código da organização que empresta ou é detentora (biblioteca) Código de barras Número de inventário Cota Tipo de circulação (não pode ser emprestado) Tipo de item e material
Disponível Disponível 2022-05-06 Biblioteca EB23 D. Paio Peres Correia Biblioteca EB23 D. Paio Peres Correia BEBDPPC9775 9775 82(673) VIE Normal Monografias